000 00294nam a22001337a 4500
008 170622b xxu||||| |||| 00| 0 eng d
020 _a9780136155560
041 _aeng
080 _25TH
_a32
100 _a21
101 _aSHP
245 _aCOMPARATIVE POLITICS
_cMAHLER,G.S
942 _2udc
_cBK
999 _c18675
_d18675